00414nam a22001457a 4500010001500000020003400015035001400049037001300063082001200076100002200088245004600110260003400156270006000190300001800250 aENG-126058 a978-93-8546-287-0c895.00(hb) aEN-109590 bDBAD/PUB a371.102 aGhuman, Karminder aEffective Mentoring/cby Karminder Ghuman aNew DelhibAne Books Pvt.Ltd. a4821,Parwana Bhawan,1st Floor24 Ansari Road, Darya Ganj a167c22cm(hb)